[Event "Hastings Masters op 90th"]
[White "Longson, Alexander"]
[Black "Reinwald, Patrick"]
[Site "Hastings"]
[Round "8"]
[Result "1-0"]
[Date "2015.01.04"]
[WhiteElo "2339"]
[BlackElo "2144"]
[PlyCount "53"]
[EventDate "2014.12.29"]
[EventType "swiss"]
[EventRounds "9"]
[EventCountry "ENG"]
[SourceTitle "CBM 164 Extra"]
[Source "ChessBase"]
[SourceDate "2015.03.02"]
[SourceVersion "1"]
[SourceVersionDate "2015.03.02"]
[SourceQuality "1"]

1. d4 Nf6 2. c4 e6 3. g3 Bb4+ 4. Bd2 Qe7 5. Nf3 Nc6 6. Nc3 Bxc3 7. Bxc3 Ne4 8. Rc1 0-0 9. Bg2 d6 10. d5 Nxc3 11. Rxc3 Nd8 12. 0-0 e5 13. Nd2 b6 14. f4 a5 15. f5 f6 16. Ne4 Nb7 17. g4 Nc5 18. Rg3 Nxe4 19. Bxe4 Ba6 20. Qc2 Rfb8 21. Rc3 h6 22. Kf2 Qd7 23. h4 g5 24. fxg6 Qxg4 25. Rg3 Qf4+ 26. Kg2 f5 27. Rxf4 1-0

[Event "Hastings Masters op 90th"]
[White "Reinwald, Patrick"]
[Black "Mannion, Stephen R"]
[Site "Hastings"]
[Round "1"]
[Result "1-0"]
[Date "2014.12.29"]
[WhiteElo "2144"]
[BlackElo "2345"]
[PlyCount "85"]
[EventDate "2014.12.29"]
[EventType "swiss"]
[EventRounds "9"]
[EventCountry "ENG"]
[SourceTitle "CBM 164 Extra"]
[Source "ChessBase"]
[SourceDate "2015.03.02"]
[SourceVersion "1"]
[SourceVersionDate "2015.03.02"]
[SourceQuality "1"]

1. e4 e5 2. Nf3 Nc6 3. d4 exd4 4. Nxd4 Nf6 5. Nxc6 bxc6 6. e5 Qe7 7. Qe2 Nd5 8. c4 Ba6 9. Nd2 0-0-0 10. b3 Re8 11. Bb2 f6 12. Qe4 Nb6 13. f4 Bb7 14. 0-0-0 fxe5 15. fxe5 g6 16. h4 Bg7 17. h5 g5 18. h6 Bxe5 19. Qxe5 Qxe5 20. Bxe5 Rxe5 21. Nf3 Ra5 22. Rh5 Rxa2 23. Rxg5 d5 24. Bd3 Ba6 25. Kb1 Rf2 26. Rd2 Rxd2 27. Nxd2 Kd8 28. Rg7 dxc4 29. bxc4 Bc8 30. g4 Nd7 31. g5 Nf8 32. Nf3 Bd7 33. Ne5 Be8 34. Bf5 c5 35. Kb2 a5 36. Kb3 Ng6 37. Bxg6 hxg6 38. Nf7+ Bxf7 39. Rxf7 Kc8 40. Rg7 Kb7 41. Rxg6 Re8 42. h7 Rh8 43. Rh6 1-0

[Event "Steyr Landesliga 1415"]
[White "Wieser, Andreas"]
[Black "Reinwald, Patrick"]
[Site "Austria"]
[Round "3.5"]
[Result "1/2-1/2"]
[Date "2014.10.25"]
[WhiteElo "2113"]
[BlackElo "2153"]
[PlyCount "57"]
[EventDate "2014.09.27"]
[EventType "team-tourn"]
[EventRounds "11"]
[EventCountry "AUT"]
[SourceTitle "EXT 2016"]
[Source "ChessBase"]
[SourceDate "2015.10.08"]
[SourceVersion "1"]
[SourceVersionDate "2015.10.08"]
[SourceQuality "1"]
[WhiteTeam "Graz Styria"]
[BlackTeam "Pinggau Friedberg"]
[WhiteTeamCountry "AUT"]
[BlackTeamCountry "AUT"]

1. e4 e5 2. Nf3 Nc6 3. d4 exd4 4. Nxd4 Nf6 5. Nc3 Bb4 6. Nxc6 bxc6 7. Bd3 d6 8. 0-0 Ng4 9. h3 Ne5 10. Be3 Qh4 11. f4 Nxd3 12. Qxd3 0-0 13. f5 a5 14. Rf4 Qh5 15. a3 Ba6 16. Qd2 Bxc3 17. Qxc3 c5 18. Qxa5 Rfe8 19. Qc3 Rab8 20. Rg4 f6 21. b4 Bb7 22. Qd3 cxb4 23. axb4 Qf7 24. Ra7 Kh8 25. b5 Qe7 26. Qc4 d5 27. Qc5 dxe4 28. Qxe7 Rxe7 29. Bf4 1/2-1/2

[Event "Latschach op 29th"]
[White "Walter, Andreas"]
[Black "Reinwald, Patrick"]
[Site "Latschach"]
[Round "3"]
[Result "1/2-1/2"]
[Date "2013.08.11"]
[WhiteElo "1989"]
[BlackElo "2172"]
[PlyCount "50"]
[EventDate "2013.08.10"]
[EventType "swiss"]
[EventRounds "9"]
[EventCountry "AUT"]
[SourceTitle "CBM 155 Extra"]
[Source "ChessBase"]
[SourceDate "2013.08.26"]
[SourceVersion "1"]
[SourceVersionDate "2013.08.26"]
[SourceQuality "1"]

1. d4 Nf6 2. c4 e6 3. Nc3 Bb4 4. e3 b6 5. Nge2 Ne4 6. Bd2 Nxd2 7. Qxd2 Bb7 8. a3 Be7 9. e4 d5 10. cxd5 exd5 11. exd5 0-0 12. 0-0-0 Nd7 13. g3 Nf6 14. Bg2 Nxd5 15. Nxd5 Bxd5 16. Bxd5 Qxd5 17. Kb1 Bf6 18. Qc2 Rfd8 19. Nf4 Qf3 20. Qe2 Qxe2 21. Nxe2 Rd5 22. Rc1 Re8 23. Rc2 Re7 24. Rhc1 h6 25. Nc3 Rxd4 1/2-1/2

[Event "Styrian op-A"]
[White "Dragnev, Valentin"]
[Black "Reinwald, Patrick"]
[Site "Bad Gleichenberg"]
[Round "7"]
[Result "1/2-1/2"]
[Date "2013.07.12"]
[WhiteElo "1912"]
[BlackElo "2172"]
[PlyCount "30"]
[EventDate "2013.07.06"]
[EventType "swiss"]
[EventRounds "9"]
[EventCountry "AUT"]
[SourceTitle "CBM 155 Extra"]
[Source "ChessBase"]
[SourceDate "2013.08.26"]
[SourceVersion "1"]
[SourceVersionDate "2013.08.26"]
[SourceQuality "1"]

1. e4 e5 2. Nf3 Nc6 3. d4 exd4 4. Nxd4 Nf6 5. Nc3 Bb4 6. Nxc6 bxc6 7. Bd3 d5 8. exd5 Qe7+ 9. Qe2 Qxe2+ 10. Bxe2 Nxd5 11. Bd2 Nxc3 12. Bxc3 Bxc3+ 13. bxc3 Rb8 14. 0-0 0-0 15. Rab1 Be6 1/2-1/2

[Event "Styrian op-A"]
[White "Moser, Eva"]
[Black "Reinwald, Patrick"]
[Site "Bad Gleichenberg"]
[Round "5"]
[Result "1-0"]
[Date "2013.07.10"]
[WhiteElo "2446"]
[BlackElo "2172"]
[PlyCount "49"]
[EventDate "2013.07.06"]
[EventType "swiss"]
[EventRounds "9"]
[EventCountry "AUT"]
[SourceTitle "CBM 155 Extra"]
[Source "ChessBase"]
[SourceDate "2013.08.26"]
[SourceVersion "1"]
[SourceVersionDate "2013.08.26"]
[SourceQuality "1"]

1. Nf3 Nf6 2. g3 d5 3. Bg2 e6 4. 0-0 Be7 5. d3 0-0 6. Nbd2 c5 7. e4 Nc6 8. Re1 b5 9. e5 Nd7 10. Nf1 Bb7 11. h4 b4 12. h5 h6 13. N1h2 a5 14. Bf4 a4 15. Qd2 a3 16. b3 c4 17. dxc4 dxc4 18. Rad1 Nb6 19. Qc1 Qc7 20. Ng4 cxb3 21. cxb3 Rac8 22. Bxh6 Na5 23. Qf4 gxh6 24. Qxh6 Qc2 25. Ng5 1-0